| 000 | 01108cam a2200253 a 4500 | ||
|---|---|---|---|
| 999 |
_c58416 _d58416 |
||
| 001 | 18774379 | ||
| 005 | 20220125112121.0 | ||
| 008 | 150908s2008 enka b 001 0 eng | ||
| 020 | _a9780415451529 | ||
| 041 | _aeng | ||
| 080 | _a372 T-44 | ||
| 245 |
_aThe Routledge Reader in Early Childhood Education _cEdited by Elizabeth Wood. |
||
| 264 |
_aLondon _bRoutledge, _c2008. |
||
| 300 |
_a338 pages : _billustrations ; _c24 cm. |
||
| 653 | _aსკოლამდელი განათლება | ||
| 653 | _aДошкольное образование | ||
| 653 | _aპედაგოგიკა | ||
| 653 | _aПедагогика | ||
| 700 | 1 |
_aWood, Elizabeth _d _eრედაქტორი _913443 |
|
| 856 | 4 | 1 |
_3Table of contents _uhttp://catdir.loc.gov/catdir/toc/ecip0722/2007027721.html |
| 856 | 4 | 1 |
_3Table of contents _uhttp://bvbr.bib-bvb.de:8991/F?func=service&doc_library=BVB01&doc_number=016248327&line_number=0001&func_code=DB_RECORDS&service_type=MEDIA |
| 856 | 4 | 2 |
_3Publisher description _uhttp://catdir.loc.gov/catdir/enhancements/fy0731/2007027721-d.html |
| 942 |
_2udc _cBK |
||